Enfermedades de los ojos / (Record no. 116534)
[ view plain ]
| 000 -LEADER | |
|---|---|
| campo de control de longitud fija | 00863nam a2200229 i 4500 |
| 001 - NÚMERO DE CONTROL | |
| campo de control | 116534 |
| 003 - IDENTIFICADOR DE NÚMERO DE CONTROL | |
| campo de control | ES-MaACL |
| 005 - FECHA Y HORA DE LA ÚLTIMA TRANSACCIÓN | |
| campo de control | 20250905131628.0 |
| 007 - CAMPO FIJO DE DESCRIPCIÓN FÍSICA--INFORMACIÓN GENERAL | |
| campo de control de longitud fija | t| |
| 008 - DATOS DE LONGITUD FIJA--INFORMACIÓN GENERAL | |
| campo de control de longitud fija | 061121s1946 sp r ||||1| spa d |
| 100 1# - ENTRADA PRINCIPAL--NOMBRE DE PERSONA | |
| Nombre de persona | Parsons, John H. |
| 9 (RLIN) | 89286 |
| 245 10 - MENCIÓN DEL TÍTULO | |
| Título | Enfermedades de los ojos / |
| Mención de responsabilidad, etc. | John H. Parsons ; revisado con la colaboración de H. B. Stallard : traducción española de la 13 edición inglesa por Luis Mier Jadraque ; prólogo del prof. B. Carreras Durán. |
| 250 ## - MENCION DE EDICION | |
| Mención de edición | 1ª ed. |
| 260 ## - PUBLICACIÓN, DISTRIBUCIÓN, ETC. | |
| Lugar de publicación, distribución, etc. | Madrid : |
| Nombre del editor, distribuidor, etc. | Ediciones Morata, |
| Fecha de publicación, distribución, etc. | 1946. |
| 300 ## - DESCRIPCIÓN FÍSICA | |
| Extensión | XVI, 843 p. con 21 láms en col. ; |
| Dimensiones | 26 cm. |
| 650 #4 - PUNTO DE ACCESO ADICIONAL DE MATERIA--TÉRMINO DE MATERIA | |
| Término de materia o nombre geográfico como elemento de entrada | Ojos- |
| Subdivisión general | Enfermedades. |
| 9 (RLIN) | 139434 |
| 700 1# - ENTRADA AGREGADA--NOMBRE PERSONAL | |
| Nombre de persona | Stallard, H. B. |
| 9 (RLIN) | 107866 |
| 700 1# - ENTRADA AGREGADA--NOMBRE PERSONAL | |
| Nombre de persona | Mier Jadraque, Luis. |
| 9 (RLIN) | 80969 |
| 700 1# - ENTRADA AGREGADA--NOMBRE PERSONAL | |
| Nombre de persona | Carreras Durán, Buenaventura, |
| Fechas asociadas al nombre | 1886-1971 |
| 9 (RLIN) | 35672 |
| 852 ## - LOCALIZACIÓN | |
| Ubicación | ES-MaACL |
| Número de control de estantería | E-28 |
| Sublocalización o colección | R.21715 |
| Estatus retirado | Estado de pérdida | Estado de daño | No para préstamo | Biblioteca de origen | Biblioteca actual | Ubicación en estantería | Fecha de adquisición | Fuente de adquisición | Total de préstamos | Signatura topográfica completa | Código de barras | Visto por última vez | Precio de reemplazo | Tipo de ítem Koha |
|---|---|---|---|---|---|---|---|---|---|---|---|---|---|---|
| Biblioteca del Ateneo de Madrid | Biblioteca del Ateneo de Madrid | Depósito 2 | 17/01/2008 | E-28 | 1121516 | 23/02/2023 | 23/02/2023 | Libro impreso |
